<?xml version="1.0" encoding="UTF-8"?>
<record
    xmlns:xsi="http://www.w3.org/2001/XMLSchema-instance"
    xsi:schemaLocation="http://www.loc.gov/MARC21/slim http://www.loc.gov/standards/marcxml/schema/MARC21slim.xsd"
    xmlns="http://www.loc.gov/MARC21/slim">

  <leader>03050cam a22004215a 4500</leader>
  <controlfield tag="001">ssj0001354037</controlfield>
  <controlfield tag="003">OSt</controlfield>
  <controlfield tag="005">20180418104320.0</controlfield>
  <controlfield tag="008">140917t2014    nyua   fr     001 0 eng d</controlfield>
  <datafield tag="020" ind1=" " ind2=" ">
    <subfield code="a">9781484201015</subfield>
  </datafield>
  <datafield tag="040" ind1=" " ind2=" ">
    <subfield code="d">WaSeSS</subfield>
    <subfield code="d">EG-ScBUE</subfield>
    <subfield code="b">eng</subfield>
  </datafield>
  <datafield tag="082" ind1="0" ind2="4">
    <subfield code="a">005.1</subfield>
    <subfield code="2">22</subfield>
    <subfield code="b">AND</subfield>
  </datafield>
  <datafield tag="245" ind1="0" ind2="0">
    <subfield code="a">Android application development for the Intel&#xAE; platform /</subfield>
    <subfield code="c">editor Ryan Cohen, Tao Wang.</subfield>
  </datafield>
  <datafield tag="260" ind1=" " ind2=" ">
    <subfield code="a">New York :</subfield>
    <subfield code="b">Apress Media,</subfield>
    <subfield code="c">c.2014.</subfield>
  </datafield>
  <datafield tag="300" ind1=" " ind2=" ">
    <subfield code="a">xxv, 492 p. :</subfield>
    <subfield code="b">ill. ;</subfield>
    <subfield code="c">24 cm.</subfield>
  </datafield>
  <datafield tag="490" ind1="0" ind2=" ">
    <subfield code="a">Expert's voice in app development.</subfield>
  </datafield>
  <datafield tag="500" ind1=" " ind2=" ">
    <subfield code="a">Index : p. 483-492.</subfield>
  </datafield>
  <datafield tag="506" ind1=" " ind2=" ">
    <subfield code="a">Available on campus and off campus with authorized login.</subfield>
  </datafield>
  <datafield tag="520" ind1=" " ind2=" ">
    <subfield code="a">The number of Android devices running on Intel processors has increased since Intel and Google announced, in late 2011, that they would be working together to optimize future versions of Android for Intel Atom processors. Today, Intel processors can be found in Android smartphones and tablets made by some of the top manufacturers of Android devices, such as Samsung, Lenovo, and Asus. The increase in Android devices featuring Intel processors has created a demand for Android applications optimized for Intel Architecture: Android Application Development for the Intel&#xAE; Platform is the perfect introduction for software engineers and mobile app developers. Through well-designed app samples, code samples and case studies, the book teaches Android application development based on the Intel platform&#x2014;including for smartphones, tablets, and embedded devices&#x2014;covering performance tuning, debugging and optimization. This book is jointly developed for individual learning by Intel Software College and China Shanghai JiaoTong University.</subfield>
  </datafield>
  <datafield tag="630" ind1="0" ind2="7">
    <subfield code="9">37783</subfield>
    <subfield code="a">Android (Electronic resource)</subfield>
  </datafield>
  <datafield tag="650" ind1=" " ind2="7">
    <subfield code="a">Application software</subfield>
    <subfield code="9">4599</subfield>
    <subfield code="x">Development.</subfield>
  </datafield>
  <datafield tag="651" ind1=" " ind2=" ">
    <subfield code="2">BUEsh</subfield>
  </datafield>
  <datafield tag="653" ind1=" " ind2=" ">
    <subfield code="b">COMSCI</subfield>
    <subfield code="b">GGEN</subfield>
    <subfield code="c">April2018</subfield>
  </datafield>
  <datafield tag="700" ind1="1" ind2=" ">
    <subfield code="a">Wang, Tao,</subfield>
    <subfield code="e">editor.</subfield>
  </datafield>
  <datafield tag="700" ind1="1" ind2=" ">
    <subfield code="a">Cohen, Ryan,</subfield>
    <subfield code="e">editor.</subfield>
  </datafield>
  <datafield tag="710" ind1="2" ind2=" ">
    <subfield code="a">SpringerLink (Online service)</subfield>
  </datafield>
  <datafield tag="773" ind1="0" ind2=" ">
    <subfield code="t">Springer eBooks</subfield>
  </datafield>
  <datafield tag="776" ind1="0" ind2="8">
    <subfield code="i">Printed edition:</subfield>
    <subfield code="z">9781484201015</subfield>
  </datafield>
  <datafield tag="856" ind1="4" ind2="0">
    <subfield code="a">SOUTHEAST</subfield>
    <subfield code="u">http://BZ6FJ9FL8E.search.serialssolutions.com/?V=1.0&amp;L=BZ6FJ9FL8E&amp;S=JCs&amp;C=TC0001354037&amp;T=marc</subfield>
  </datafield>
  <datafield tag="856" ind1="4" ind2="0">
    <subfield code="a">BLOOMINGTON</subfield>
    <subfield code="u">http://KG6EK7CQ2B.search.serialssolutions.com/?V=1.0&amp;L=KG6EK7CQ2B&amp;S=JCs&amp;C=TC0001354037&amp;T=marc</subfield>
  </datafield>
  <datafield tag="856" ind1="4" ind2="0">
    <subfield code="a">EAST</subfield>
    <subfield code="u">http://MN3KU4AR6Y.search.serialssolutions.com/?V=1.0&amp;L=MN3KU4AR6Y&amp;S=JCs&amp;C=TC0001354037&amp;T=marc</subfield>
  </datafield>
  <datafield tag="856" ind1="4" ind2="0">
    <subfield code="a">NORTHWEST</subfield>
    <subfield code="u">http://PS6EE4GK2T.search.serialssolutions.com/?V=1.0&amp;L=PS6EE4GK2T&amp;S=JCs&amp;C=TC0001354037&amp;T=marc</subfield>
  </datafield>
  <datafield tag="856" ind1="4" ind2="0">
    <subfield code="a">IUPUI</subfield>
    <subfield code="u">http://RX8KL6YF4X.search.serialssolutions.com/?V=1.0&amp;L=RX8KL6YF4X&amp;S=JCs&amp;C=TC0001354037&amp;T=marc</subfield>
  </datafield>
  <datafield tag="856" ind1="4" ind2="0">
    <subfield code="a">KOKOMO</subfield>
    <subfield code="u">http://TE6UZ4HK6Z.search.serialssolutions.com/?V=1.0&amp;L=TE6UZ4HK6Z&amp;S=JCs&amp;C=TC0001354037&amp;T=marc</subfield>
  </datafield>
  <datafield tag="856" ind1="4" ind2="0">
    <subfield code="a">SOUTH BEND</subfield>
    <subfield code="u">http://TT5XG8QF8P.search.serialssolutions.com/?V=1.0&amp;L=TT5XG8QF8P&amp;S=JCs&amp;C=TC0001354037&amp;T=marc</subfield>
  </datafield>
  <datafield tag="856" ind1="4" ind2="0">
    <subfield code="a">COLUMBUS</subfield>
    <subfield code="u">http://RX8KL6YF4X.search.serialssolutions.com/?V=1.0&amp;L=RX8KL6YF4X&amp;S=JCs&amp;C=TC0001354037&amp;T=marc</subfield>
  </datafield>
  <datafield tag="942" ind1=" " ind2=" ">
    <subfield code="2">ddc</subfield>
  </datafield>
  <datafield tag="999" ind1=" " ind2=" ">
    <subfield code="c">26535</subfield>
    <subfield code="d">26507</subfield>
  </datafield>
  <datafield tag="952" ind1=" " ind2=" ">
    <subfield code="0">0</subfield>
    <subfield code="1">0</subfield>
    <subfield code="2">ddc</subfield>
    <subfield code="4">0</subfield>
    <subfield code="7">0</subfield>
    <subfield code="8">Baccah</subfield>
    <subfield code="a">MAIN</subfield>
    <subfield code="b">MAIN</subfield>
    <subfield code="c">LOW</subfield>
    <subfield code="d">2018-04-18</subfield>
    <subfield code="e">Purchase</subfield>
    <subfield code="g">359.50</subfield>
    <subfield code="h">2000088</subfield>
    <subfield code="l">0</subfield>
    <subfield code="o">005.1 AND</subfield>
    <subfield code="p">000047642</subfield>
    <subfield code="r">2025-07-15 00:00:00</subfield>
    <subfield code="v">449.38</subfield>
    <subfield code="y">BB</subfield>
  </datafield>
</record>
